Big Data Analytics With R And Hadoop (Record no. 337689)
[ view plain ]
| 000 -LEADER | |
|---|---|
| fixed length control field | 00585nam a2200169Ia 4500 |
| 008 - FIXED-LENGTH DATA ELEMENTS--GENERAL INFORMATION | |
| fixed length control field | 230718s9999 xx 000 0 und d |
| 020 ## - INTERNATIONAL STANDARD BOOK NUMBER | |
| International Standard Book Number | 9789351104100 |
| 041 ## - LANGUAGE CODE | |
| Language code of text/sound track or separate title | eng |
| 082 ## - DEWEY DECIMAL CLASSIFICATION NUMBER | |
| Classification number | 004.35 |
| Item number | PRA |
| 100 ## - MAIN ENTRY--PERSONAL NAME | |
| Personal name | Prajapati V. |
| 9 (RLIN) | 195895 |
| 245 ## - TITLE STATEMENT | |
| Title | Big Data Analytics With R And Hadoop |
| Remainder of title | Set Up An Integrated Infrastructure Of R And Hadoop To Turn Your Data Analytics Into Big Data Analytics |
| 260 ## - PUBLICATION, DISTRIBUTION, ETC. (IMPRINT) | |
| Date of publication, distribution, etc. | 2013 |
| Name of publisher, distributor, etc. | Packt/SPD |
| 300 ## - PHYSICAL DESCRIPTION | |
| Extent | 219 |
| Accompanying material [OBSOLETE, CAN/MARC] | Ref 1547 C (48875) |
| 365 ## - TRADE PRICE | |
| Currency code | Rs. |
| Price amount | 450.00 |
| 700 ## - ADDED ENTRY--PERSONAL NAME | |
| Personal name | Prajapati V. |
| 9 (RLIN) | 195895 |
| 906 ## - LOCAL DATA ELEMENT F, LDF (RLIN) | |
| d | O:0406811-Aug-2014B:84607-Jul-2014 |
| c | COMP |
| b | 2812.5 |
| Withdrawn status | Lost status | Damaged status | Not for loan | Home library | Current library | Date acquired | Vendor | Budget Code | Cost, normal purchase price | Bill number | Total Checkouts | Full call number | Barcode | Date last seen | Discount | Cost, replacement price | Bill Date | Koha item type | Original Barcode |
|---|---|---|---|---|---|---|---|---|---|---|---|---|---|---|---|---|---|---|---|
| Cummins College of Engineering for Women Pune | Cummins College of Engineering for Women Pune | 11/08/2014 | Vaibhav Book House | COMP | 337.50 | 846 | 004.35 | CCEP-BK-48896 | 18/07/2023 | 2812.5 | 450.00 | 07/07/2014 | Books | 048896 |